| 000 | 01049cam a2200265 a 4500 | ||
|---|---|---|---|
| 999 |
_c174636 _d174636 |
||
| 001 | 3908497 | ||
| 003 | Nust | ||
| 005 | 20170204152117.0 | ||
| 008 | 910604s1991 nyua 000 1 eng | ||
| 010 | _a 91062130 | ||
| 020 | _a9781853260582 | ||
| 040 |
_aDLC _cDLC _dDLC |
||
| 050 | 0 | 0 |
_aPR4622 _b.R48 1991 |
| 082 | 0 | 0 |
_a823.8 _bDOY |
| 100 | 1 |
_aDoyle, Arthur Conan, _d1859-1930. |
|
| 245 | 1 | 4 |
_aThe return of Sherlock Holmes / _cSir Arthur Conan Doyle ; |
| 260 |
_aPleasantville, N.Y. : _bReader's Digest Association, _c1991. |
||
| 300 |
_a318 p. : _c24 cm. |
||
| 490 | 0 | _aWorld's best reading | |
| 600 | 1 | 0 |
_aHolmes, Sherlock _vFiction. |
| 650 | 0 | _aDetective and mystery stories, English. | |
| 906 |
_a7 _bcbc _corignew _d2 _eopcn _f19 _gy-gencatlg |
||
| 942 |
_2ddc _cBK |
||